Comentarios al Cd̤igo civil y compilaciones forales

Detalles Bibliográficos
Autor Corporativo: Pais Vasco
Otros Autores: Albaladejo Garca̕, Manuel (Conductor), Celaya Ibarra, Adriǹ, Da̕z Alabart, Silvia (Conductor)
Formato: Desconocido
Lenguaje:español
Publicado: Madrid : EDERSA, D.L. 1997
Materias:
Acceso en línea:Acceso restringido

MARC

LEADER 00000ny a22000003n 4500
005 20110622124442.0
008 971027s1997 sp s 000 0 spa c
017 |a D.L. M640-1997 
020 |a 9788471302168 
020 |a 9788471308757 
035 |a 759 
040 |a UCM.DER  |d vlex 
080 |a 347(460.15) 
090 |c 1234  |d 1234 
245 0 0 |a Comentarios al Cd̤igo civil y compilaciones forales  |h [Recurso electrn̤ico]  |c dirigidos por Manuel Albaladejo y Silvia Da̕z Alabart 
256 |a Servicio en ln̕ea 
260 |a Madrid :  |b EDERSA,  |c D.L. 1997 
300 |a XXIX, 622 p. ;  |c 22 cm 
505 0 |t T.XXVI, Ley sobre el Derecho civil foral del Pais Vasco /  |r comentada por Adriǹ Celaya Ibarra 
506 1 |a Contenido solo disponible en los productos indicados  |d vLex Global  |d vLex Global (Academic Edition, excluding Law Schools)  |d vLex Global (U.S. Academic Edition, Law Schools)  |d vLex Global (U.S. Academic Edition, excluding Law Schools)  |d vLex Global (Academic Edition, Law Schools) 
650 0 7 |a Civil  |2 Tesauro vLex 
650 0 7 |a Cd̤igo civil  |2 Tesauro vLex 
650 0 7 |a Derecho foral  |2 Tesauro vLex 
700 1 |a Albaladejo Garca̕, Manuel,  |e dir 
700 1 |a Celaya Ibarra, Adriǹ 
700 1 |a Da̕z Alabart, Silvia,  |e dir 
710 1 |a Pais Vasco.  |t Ley sobre el derecho civil foral del Pais Vasco, 1992 
740 0 |a vLex Libros (Servicios en ln̕ea) 
856 4 0 |z Acceso restringido  |u http://vlex.com/source/759 
942 |c BOOK